| 000 | 01410cam a22003377a 4500 | ||
|---|---|---|---|
| 001 | 13487314 | ||
| 003 | NUST-PNEC | ||
| 005 | 20170116180703.0 | ||
| 008 | 040211s2004 at a b 001 0 eng d | ||
| 010 | _a 2004101935 | ||
| 020 | _a0534253091 | ||
| 035 | _a(CStRLIN)EGAGB13195220-B | ||
| 035 | _a(UaCaAUL).b13195220 | ||
| 040 |
_aUCL _cPNEC |
||
| 042 | _alccopycat | ||
| 050 | 0 | 0 |
_aTA403 _b.A7335 2004 |
| 082 | 0 | 0 |
_a620.11 ASK _222 |
| 100 | 1 | _aAskeland, Donald R. | |
| 245 | 1 | 0 |
_aEssentials of materials science and engineering / _cDonald R. Askeland, Pradeep P. Phulé. |
| 260 |
_aAustralia : _bThomson, _cc2004. |
||
| 300 |
_axx, 588 p. : _bill. (some col.) ; _c26 cm. |
||
| 500 | _aIncludes Index http://www.amazon.com/Essentials-Materials-Science-Engineering-Askeland/dp/0534253091/ref=sr_1_1?s=books&ie=UTF8&qid=1410596162&sr=1-1&keywords=0534253091 | ||
| 650 | 0 |
_aMaterials science _vTextbooks. _xME |
|
| 700 | 1 |
_aFulay, Pradeep P., _d1960- |
|
| 856 | 4 | 2 |
_3Contributor biographical information _uhttp://www.loc.gov/catdir/enhancements/fy1103/2004101935-b.html |
| 856 | 4 | 2 |
_3Publisher description _uhttp://www.loc.gov/catdir/enhancements/fy1103/2004101935-d.html |
| 906 |
_a7 _bcbc _ccopycat _d2 _eepcn _f20 _gy-gencatlg |
||
| 942 |
_2ddc _cBK |
||
| 999 |
_c60622 _d60622 |
||